000 00448nam a2200169 4500
001 112507
003 ES-MaACL
005 20230906185539.0
007 t|
008 061121s1920 sp r ||||1| spa d
100 1 _aOrtega y Sala, Miguel.
_987512
245 1 0 _aGeometría /
_cMiguel Ortega y Sala.
250 _a14ª. ed.
260 _aMadrid :
_bSuc. de Hernando,
_c1920.
300 _a2 v. :
_bil. ;
_c23 cm.
852 _aES-MaACL
_jF-4227-28
999 _c112507
_d112507